000
00410nam a2200169Ia 4500
008
090123s9999 xx 000 0 und d
082
_b
1751
100
_a
हैदर आका
245
_a
सदेराब
250
_a
0
300
_a
120
600
_a
हैदर आका
630
_a
सदेराब
700
_a
हैदर आका
730
_a
सदेराब
942
_c
BOOK
999
_c
39833
_d
39833